| 000 | 00760cam a22001934a 4500 | ||
|---|---|---|---|
| 005 | 20250605164122.0 | ||
| 008 | 250528s ||||||||||||||||||||||||d | ||
| 035 | _a18332 | ||
| 020 | _a9603511277 | ||
| 040 |
_aGR-AtMCL _bgre _dGR-AtMCL _eAACR2 |
||
| 245 | 1 | _aΕφαρμογές Επαγωγικής Στατιστικής / Με Στοιχεία Θεωρίας | |
| 260 |
_bΣταμούλης Α, _c1997 |
||
| 300 | _a288 | ||
| 520 | _aΠρόλογος, Εισαγωγή, Σημειακή Εκτίμηση, Ασκήσεις, Εκτιμήσεις με Διαστήματα Εμπιστοσύνης, Έλεγχος Υποθέσων, Πίνακες. | ||
| 700 | 1 |
_aΜπένος Βασίλειος _94606 |
|
| 942 | _cBK | ||
| 999 |
_c3695 _d3695 |
||